000 00579nam a2200205Ia 4500
005 20250508165143.0
008 008 250505s9999 xx 000 0 eng d
020 _a81-7621--0701-9
037 _aTextual
040 _aFEDL
_beng
_cFEDL
041 _aeng
_2eng
084 _a512.53, DUS
_qFEDL
100 _aDu Sautoy Marcus
_9780010
245 0 _aSymmetry: A journey into the patterns of nature
260 _aNew York, USA
_bHarper Perennial
_c2008
300 _a376 p.
365 _aUSD
_b14.99
942 _cTEXL
_h512.53, DUS
999 _c1393466
_d1393466